000 00487nam a2200169Ia 4500
003 OSt
005 20200923122724.0
008 190216s9999||||xx |||||||||||||| ||und||
040 _coclc
082 _a589.3
_bFRI/S
100 _aFritsch, F E
_94865
245 4 _aThe Structure And Reproduction Of The Algae /
_cF E Fritsch
260 _bCambridge Uty Press,
_c1965.
_aLondon:
300 _a791p
650 _aBotany
942 _cBK
_2ddc
_h589.3
_iFRI/S
_k589.3
_mFRI/S
999 _c1361
_d1361